00569nam a22001817a 4500010001300000035001300013037001800026040001200044082001700056245005300073250001100126260004400137270003800181300003000219650004400249650005500293650003900348 aA-752953 aA-752953 bCen Lib / Ret aDPLbEN a181.499bNIR aNirodbaran's correspondence with Sri Aurobindo / a2nd ed aPondicharrybSri Aurbindo Ashram c1995 aSri Aurbindo Ashram bPondicharry av 2. 604-1188p c24cm(Hb) aNirodbaran, -- 1903- -- Correspondence. aGhose, Aurobindo, -- 1872-1950. -- Correspondence. aHindus -- India -- Correspondence.